Residential property price report. - January - March 1995 - October - December 1995 (Record no. 93215)

MARC details
000 -LEADER
fixed length control field 00722cam a2200253 4500
001 - CONTROL NUMBER
control field J3105
008 - FIXED-LENGTH DATA ELEMENTS--GENERAL INFORMATION
fixed length control field 090401t1995 xxu||||| |||| 00| 0 eng d
035 ## - SYSTEM CONTROL NUMBER
System control number (Sirsi) u53058
041 ## - LANGUAGE CODE
Language code of text/sound track or separate title eng
050 ## - LIBRARY OF CONGRESS CALL NUMBER
Classification number 333.33
110 ## - MAIN ENTRY--CORPORATE NAME
Corporate name or jurisdiction name as entry element HM Land Registry
9 (RLIN) 1247
245 ## - TITLE STATEMENT
Title Residential property price report. - January - March 1995 - October - December 1995
260 ## - PUBLICATION, DISTRIBUTION, ETC.
Place of publication, distribution, etc. London
Name of publisher, distributor, etc. HM Land Registry
Date of publication, distribution, etc. 1995
300 ## - PHYSICAL DESCRIPTION
Extent 4 pt. ; 30cm.
350 ## - PRICE (NR) (BK AM CF MU VM SE) [OBSOLETE]
Price 0
520 ## - SUMMARY, ETC.
Summary, etc. To be published quarterly.
650 ## - SUBJECT ADDED ENTRY--TOPICAL TERM
Topical term or geographic name entry element HOUSE PRICES
650 ## - SUBJECT ADDED ENTRY--TOPICAL TERM
Topical term or geographic name entry element HOUSING MARKET
650 ## - SUBJECT ADDED ENTRY--TOPICAL TERM
Topical term or geographic name entry element PRICES
650 ## - SUBJECT ADDED ENTRY--TOPICAL TERM
Topical term or geographic name entry element RESIDENTIAL PROPERTY
9 (RLIN) 6266
690 ## - LOCAL SUBJECT ADDED ENTRY--TOPICAL TERM (OCLC, RLIN)
Topical term or geographic name as entry element PROPERTY-RESIDENTIAL PROPERTY-RESIDENTIAL PROPERTY MARKET
942 ## - ADDED ENTRY ELEMENTS (KOHA)
Suppress in OPAC 0
948 ## - LOCAL PROCESSING INFORMATION (OCLC); SERIES PART DESIGNATOR (RLIN)
c (OCLC) 04/03/1997
Holdings
Withdrawn status Lost status Source of classification or shelving scheme Damaged status Not for loan Home library Current library Shelving location Date acquired Total Checkouts Full call number Barcode Date last seen Copy number Price effective from Koha item type
    Dewey Decimal Classification     London London Enquiry desk 22/06/1995   ENQUIRY DESK 30046060 06/08/2019 1 06/08/2019 Reference material
    Dewey Decimal Classification     London London Enquiry desk 26/06/1995   ENQUIRY DESK 30046063 06/08/2019 2 06/08/2019 Reference material
    Dewey Decimal Classification     London London Enquiry desk 26/09/1995   ENQUIRY DESK 30046566 06/08/2019 3 06/08/2019 Reference material
    Dewey Decimal Classification     London London Enquiry desk 26/09/1995   ENQUIRY DESK 30046567 06/08/2019 4 06/08/2019 Reference material
    Dewey Decimal Classification     London London Enquiry desk 03/01/1996   ENQUIRY DESK 30047057 06/08/2019 5 06/08/2019 Reference material
    Dewey Decimal Classification     London London Enquiry desk 03/01/1996   ENQUIRY DESK 30047058 06/08/2019 6 06/08/2019 Reference material
    Dewey Decimal Classification     London London Enquiry desk 27/03/1996   ENQUIRY DESK 30047545 06/08/2019 7 06/08/2019 Reference material
    Dewey Decimal Classification     London London Enquiry desk 27/03/1996   ENQUIRY DESK 30047546 06/08/2019 8 06/08/2019 Reference material